Panjāb men pahlā mārshal lā' : (Record no. 331138)
[ view plain ]
| 000 -LEADER | |
|---|---|
| fixed length control field | 00985nam a2200301 a 4500 |
| 001 - CONTROL NUMBER | |
| control field | 4977365 |
| 003 - CONTROL NUMBER IDENTIFIER | |
| control field | NUST |
| 005 - DATE AND TIME OF LATEST TRANSACTION | |
| control field | 20170919112244.0 |
| 008 - FIXED-LENGTH DATA ELEMENTS--GENERAL INFORMATION | |
| fixed length control field | 980618s1996 pk 000 0 urdo |
| 010 ## - LIBRARY OF CONGRESS CONTROL NUMBER | |
| LC control number | 97930562 |
| 025 ## - OVERSEAS ACQUISITION NUMBER | |
| Overseas acquisition number | P-U-97930562; 07 |
| 040 ## - CATALOGING SOURCE | |
| Original cataloging agency | DLC |
| Transcribing agency | DLC |
| 042 ## - AUTHENTICATION CODE | |
| Authentication code | lcode |
| 043 ## - GEOGRAPHIC AREA CODE | |
| Geographic area code | a-ii--- |
| 050 00 - LIBRARY OF CONGRESS CALL NUMBER | |
| Classification number | DS485.P87 |
| Item number | D37 1996 |
| 082 ## - DEWEY DECIMAL CLASSIFICATION NUMBER | |
| Classification number | 347.016 |
| Author Mark | DAS |
| 100 0# - MAIN ENTRY--PERSONAL NAME | |
| Personal name | Dās, Lālah Panḍī. |
| 9 (RLIN) | 4637 |
| 245 10 - TITLE STATEMENT | |
| Title | Panjāb men pahlā mārshal lā' : |
| Remainder of title | Kāngres Kameṭī riporṭ / |
| Statement of responsibility, etc. | Lālah Panḍī Dās. |
| 260 ## - PUBLICATION, DISTRIBUTION, ETC. | |
| Place of publication, distribution, etc. | Lāhore : |
| Name of publisher, distributor, etc. | Fikshan Hā'ūs, |
| Date of publication, distribution, etc. | 1996. |
| 300 ## - PHYSICAL DESCRIPTION | |
| Extent | 467 p. ; |
| Dimensions | 22 cm. |
| 520 ## - SUMMARY, ETC. | |
| Summary, etc. | On first marshal law in Punjab (India). |
| 546 ## - LANGUAGE NOTE | |
| Language note | In Urdu. |
| 650 #0 - SUBJECT ADDED ENTRY--TOPICAL TERM | |
| Topical term or geographic name entry element | Martial law |
| Geographic subdivision | India |
| -- | Punjab. |
| 9 (RLIN) | 4638 |
| 651 #0 - SUBJECT ADDED ENTRY--GEOGRAPHIC NAME | |
| Geographic name | Punjab (India) |
| General subdivision | Politics and government. |
| 9 (RLIN) | 4639 |
| 880 ## - ALTERNATE GRAPHIC REPRESENTATION | |
| Linkage | 100-01\(3\r |
| Title | لالہ پنڈی داس |
| 880 ## - ALTERNATE GRAPHIC REPRESENTATION | |
| Linkage | 245-02\(3\r |
| Title | پنجاب میں پہلا مارشل لاء: |
| b | کانگریس کمیٹی رپورٹ |
| c | لالہ پنڈی داس |
| 880 ## - ALTERNATE GRAPHIC REPRESENTATION | |
| Linkage | 260-03\(3\r |
| Title | لاہور: |
| b | فکشن ہاوٓؤس، |
| c | 1996 |
| 906 ## - LOCAL DATA ELEMENT F, LDF (RLIN) | |
| a | 7 |
| b | cbc |
| c | origode |
| d | 3 |
| e | ncip |
| f | 19 |
| g | y-gencatlg |
| 942 ## - ADDED ENTRY ELEMENTS (KOHA) | |
| Source of classification or shelving scheme | |
| Koha item type | Book |
| Withdrawn status | Lost status | Source of classification or shelving scheme | Damaged status | Not for loan | Collection code | Permanent Location | Current Location | Shelving location | Date acquired | Total Checkouts | Total Renewals | Full call number | Barcode | Date last seen | Date last checked out | Copy number | Price effective from | Koha item type |
|---|---|---|---|---|---|---|---|---|---|---|---|---|---|---|---|---|---|---|
| NUST Law School (NLS) | NUST Law School (NLS) | Book Cart | 09/19/2017 | 1 | 1 | 347.016 DAS | CL2787 | 05/06/2019 | 04/05/2019 | 1 | 09/19/2017 | Book |
